Изменение структуры и свойств боридных покрытий в зависимости от способов их нанесения; Современные проблемы машиностроения

Dades bibliogràfiques
Parent link:Современные проблемы машиностроения.— 2024.— С. 346-348
Autor principal: Ражабов Х.
Altres autors: Колесникова К. А. Ксения Александровна
Sumari:Текстовый файл
Idioma:rus
Publicat: 2024
Matèries:
Accés en línia:http://earchive.tpu.ru/handle/11683/85220
Format: Electrònic Capítol de llibre
KOHA link:https://koha.lib.tpu.ru/cgi-bin/koha/opac-detail.pl?biblionumber=679527

MARC

LEADER 00000naa2a2200000 4500
001 679527
005 20250411133034.0
090 |a 679527 
100 |a 20250404d2024 k||y0rusy50 ca 
101 0 |a rus 
102 |a RU 
135 |a drbn ---uucaa 
200 1 |a Изменение структуры и свойств боридных покрытий в зависимости от способов их нанесения  |f Ражабов Х., Колесникова К. А. 
320 |a Список литературы: 2 назв 
336 |a Текстовый файл 
463 1 |0 679118  |9 679118  |t Современные проблемы машиностроения  |o сборник статей XVII Международной научно-технической конференции, г. Томск, 25–29 ноября 2024 г.  |f Национальный исследовательский Томский политехнический университет (ТПУ) ; ред. кол. А. И. Сечин, М. С. Кухта, Е. Н. Пашков [и др.]  |c Томск  |n Изд-во ТПУ  |d 2024  |u conference_tpu-2024-C45.pdf  |v С. 346-348 
545 1 |a Материаловедение и нанотехнологии в машиностроении  
610 1 |a труды учёных ТПУ 
610 1 |a электронный ресурс 
610 1 |a композиционные покрытия 
610 1 |a бориды 
610 1 |a износостойкие покрытия 
610 1 |a трибологические свойства 
610 1 |a электронно-лучевая наплавка 
700 1 |a Ражабов  |b Х. 
701 1 |a Колесникова  |b К. А.  |c специалист в области материаловедения  |c доцент Томского политехнического университета, кандидат технических наук  |f 1979-  |g Ксения Александровна  |9 21905 
801 0 |a RU  |b 63413507  |c 20250404 
850 |a 63413507 
856 4 |u http://earchive.tpu.ru/handle/11683/85220  |z http://earchive.tpu.ru/handle/11683/85220 
942 |c CF